Star Wars Universe Trivia (Hard) - Statistics

General Stats
  • This quiz has been taken 86 times
  • The average score is 9 of 15
Answer Stats
Hint Answer % Correct
Name that Star Wars fans gave Grogu. Baby Yoda
97%
Supreme Leader _____, boss of the First Order. Snoke
92%
Movie which Han Solo died in. The Force Awakens
90%
Type of Sith that hunted down Kanan Jarrus and Ezra Bridger. Inquisitors
83%
Sith behind the criminal syndicate Crimson Dawn. Darth Maul
79%
Slightly annoying clone girl that joined the Bad Batch. Omega
69%
Anakin Skywalker’s stepsister in-law. Beru
59%
Aquatic race that designed most of the Rebel’s ships. Mon Calamari
56%
Padme Amidala’s royal guard captain in The Phantom Menace. Captain Panaka
54%
Where Greedo, Tseebo and Onaconda Farr’s species is from. Rodia
51%
A rebel from Onderon in the Clone Wars, later seen in Rogue One. Saw Gerrera
49%
Planet where Jedi younglings get their lightsaber crystals. Ilum
45%
Lando Calrissian’s copilot in the battle of Endor. Nien Nunb
35%
Old friend of Leia’s who gave Poe Dameron part of the map to Luke Skywalker. Lor San Tekka
32%
Flying creatures that saved Obi-Wan on multiple occasions on Kamino. Aiwahs
7%
No matching quizzes found
Score Distribution
Percent of People with Each Score
Percentile by Number Answered
Your Score History
You have not taken this quiz